000 00662nam a22002057a 4500
005 20251108172709.0
008 250721s2002 xx 000 0 ara d
082 1 4 _a345.05/نصر
100 1 _aنصر، فيلومين
_eمؤلف
245 1 0 _aأصول المحاكمات الجزائية :
_bدراسة مقارنة وتحليل /
250 _a3
264 1 _aبيروت :
_bمكتبة صادر،
_c2002.
300 _a920ص
650 1 7 _aالقانون الجنائي
650 1 7 _aالإجراءات الجنائية
650 1 7 _aالعقوبات
650 1 7 _aقواعد الإجراءات الجنائية
942 _2ddc
_cBK
999 _c86190
_d86190